Ley de la jurisdiccin̤ contencioso-administrativa : concordada, con cuadros sinp̤ticos y resm︢enes de las instituciones procesales de ms̀ uso ante los tribunales : (nueva metodologa̕ expositiva de la LJCA para solventar dudas de modo inmediato) /

Bibliographic Details
Main Author: Bonet Navarro, Još
Other Authors: Juan Sǹchez, Ricardo, Ituren Oliver, Albert, Lorenzo de Membiela, Juan B
Format: Book
Language:Spanish
Published: Barcelona : Jos ̌Mara̕ Bosch Editor, 2007
Subjects:
Online Access:Acceso restringido

MARC

LEADER 00000nam a22000007a 4500
005 20120119102828.0
007 cr|||| ||||
008 070706s2007 sp f 001 0 spa c
020 |a 978-84-7698-790-2 
035 |a 6041 
040 |d vLex 
041 0 |a spa 
090 |c 2928  |d 2928 
100 1 |a Bonet Navarro, Još 
245 1 0 |a Ley de la jurisdiccin̤ contencioso-administrativa :  |h [Recurso electrn̤ico] :  |b concordada, con cuadros sinp̤ticos y resm︢enes de las instituciones procesales de ms̀ uso ante los tribunales : (nueva metodologa̕ expositiva de la LJCA para solventar dudas de modo inmediato) /  |c Juan B. Lorenzo de Membiela (coord.) ; Jos ̌Bonet Navarro, Ricardo Juan, Albert Ituren i Oliver 
256 |a Servicio en ln̕ea 
260 |a Barcelona :  |b Jos ̌Mara̕ Bosch Editor,  |c 2007 
300 |a 1 recurso electrn̤ico 
504 |a Índice 
506 1 |a Contenido solo disponible en los productos indicados  |d vLex Global   |d vLex Global (Academic Edition, excluding Law Schools)   |d vLex Global (U.S. Academic Edition, Law Schools)   |d vLex Global (U.S. Academic Edition, excluding Law Schools)   |d vLex Global (Academic Edition, Law Schools)  
650 4 |a Derecho administrativo  |z Espaą  |x Legislacin̤ 
700 1 |a Juan Sǹchez, Ricardo 
700 1 |a Ituren Oliver, Albert 
700 1 |a Lorenzo de Membiela, Juan B 
740 0 |a vLex Libros (Servicio en ln̕ea) 
856 4 0 |u http://vlex.com/source/ley-jurisdiccion-contencioso-administrativa-6041  |z Acceso restringido 
942 |c BOOK 
999 0 |a  Administrative law